[Event "Reykjavik Open 2025"]
[Site "Reykjavik"]
[Date "2025.04.10"]
[Round "2.152"]
[White "Fridthjofsdottir, Sigurl. Regina"]
[Black "Coutinho, Joao Manuel Sousa"]
[Result "1/2-1/2"]
[WhiteElo "1743"]
[WhiteFideId "2300788"]
[BlackElo "1903"]
[BlackFideId "1933418"]
[Variant "Standard"]
[StudyName "ROpen 2025 - Rd2 - Boards 109-172"]
1. e4 c6 2. d3 d5 3. Nd2 g6 4. Ngf3 Bg7 5. g3 e5 6. Bg2 Ne7 7. O-O O-O 8. Re1 Nd7 9. c3 Re8 10. Qc2 b6 11. Nf1 Bb7 12. Bd2 c5 13. Rad1 dxe4 14. dxe4 Qc7 15. h4 c4 16. Be3 Nf6 17. N3d2 b5 18. Nh2 a6 19. Bg5 Rad8 20. Bxf6 Bxf6 21. Ng4 Bg7 22. Nf3 Bc8 23. Ne3 Bb7 24. Rxd8 Rxd8 25. Rd1 f6 26. Rxd8+ Qxd8 27. Qd2 Qxd2 28. Nxd2 Bc8 29. b3 cxb3 30. axb3 Kf7 31. c4 Bh6 32. Ndf1 Nc6 33. cxb5 axb5 34. Nd5 Nd4 35. b4 Be6 36. Nfe3 Bxd5 37. Nxd5 Bd2 1/2-1/2

[Event "Reykjavik Open 2025"]
[Site "Reykjavik"]
[Date "2025.04.10"]
[Round "2.153"]
[White "Halldorsson, Nirvaan"]
[Black "Grose, Kameron"]
[Result "0-1"]
[WhiteElo "1701"]
[WhiteFideId "2330016"]
[BlackElo "1882"]
[BlackFideId "474010"]
[Variant "Standard"]
[StudyName "ROpen 2025 - Rd2 - Boards 109-172"]
1. d4 d5 2. c4 e6 3. Nc3 a6 4. Nf3 dxc4 5. e3 b5 6. a3 Nf6 7. b3 cxb3 8. Qxb3 Nbd7 9. a4 b4 10. Na2 Be7 11. Nxb4 Rb8 12. Ba3 a5 13. Ne5 Nxe5 14. dxe5 Bxb4+ 15. Bxb4 Rxb4 16. Qc3 Nd5 17. Qc2 O-O 18. Bd3 h6 19. O-O Qg5 20. f4 Qe7 21. Rf3 Rb6 22. Rg3 Nb4 23. Qd1 Nxd3 24. Qg4 g6 25. h4 Bd7 26. Rd1 Nc5 27. Rxd7 Qxd7 28. h5 Rb1+ 29. Kh2 Ne4 30. hxg6 Rh1+ 31. Kxh1 Nf2+ 32. Kh2 Nxg4+ 33. Rxg4 fxg6 34. Rxg6+ Kh7 35. Rg4 Rf5 36. Rh4 Qd2 37. Rh3 c5 0-1

[Event "Reykjavik Open 2025"]
[Site "Reykjavik"]
[Date "2025.04.10"]
[Round "2.156"]
[White "Gudmundsson, Eirikur Orri"]
[Black "Bloem, Milan"]
[Result "1-0"]
[WhiteElo "1551"]
[WhiteFideId "2325560"]
[BlackElo "1773"]
[BlackFideId "40108244"]
[Variant "Standard"]
[StudyName "ROpen 2025 - Rd2 - Boards 109-172"]
1. c4 Nf6 2. Nc3 e6 3. d4 d5 4. e3 Nbd7 5. Nf3 c6 6. Bd3 dxc4 7. Bxc4 Be7 8. O-O O-O 9. a3 Nb6 10. Bd3 Qc7 11. e4 c5 12. e5 Nfd5 13. Nxd5 exd5 14. Be3 cxd4 15. Bxd4 Bg4 16. Rc1 Qd8 17. Be2 Re8 18. h3 Bxf3 19. Bxf3 Nc4 20. Re1 Bg5 21. Rc2 Bf4 22. Rce2 Qc7 23. e6 fxe6 24. Rxe6 Red8 25. Re7 Rd7 26. Bxd5+ Kf8 27. Bxg7# 1-0

[Event "Reykjavik Open 2025"]
[Site "Reykjavik"]
[Date "2025.04.10"]
[Round "2.158"]
[White "Seshadri, Sridhar"]
[Black "Schultze, Joerg-Martin"]
[Result "1-0"]
[WhiteElo "1623"]
[WhiteFideId "30913942"]
[BlackElo "1956"]
[BlackFideId "12972070"]
[Variant "Standard"]
[StudyName "ROpen 2025 - Rd2 - Boards 109-172"]
1. d4 d5 2. e3 c5 3. c3 Nc6 4. Bd3 cxd4 5. exd4 Qc7 6. f4 Nh6 7. h3 g6 8. Ne2 Bg7 9. Ng3 Bd7 10. Qf3 Nxd4 11. Qxd5 O-O 12. O-O Be6 13. Qe4 Nhf5 14. Nxf5 Nxf5 15. Qf3 Qb6+ 16. Kh2 h5 17. Na3 Rac8 18. Nc2 Rfd8 19. Bxf5 Bxf5 20. Nd4 Bxd4 21. cxd4 Rc2 22. Rf2 Rxf2 23. Qxf2 Rc8 24. Be3 Rc2 25. Qf3 Qxb2 26. Re1 Qb5 27. Bg1 Be6 28. Re5 Qd7 29. d5 Bf5 30. Qa3 e6 31. Qxa7 exd5 32. Qa8+ Rc8 33. Qa3 Re8 34. Qe3 Be4 35. Rxe8+ Qxe8 36. Qa7 Qc8 37. Bd4 Kh7 38. Qa3 Qc2 39. Qg3 Qxa2 40. f5 Qd2 41. fxg6+ fxg6 42. Qc7+ Kh6 43. Bg7+ Kg5 44. Qe5+ Bf5 45. Qf6+ 1-0

[Event "Reykjavik Open 2025"]
[Site "Reykjavik"]
[Date "2025.04.10"]
[Round "2.159"]
[White "Hausberg, Volkmar-Dirk"]
[Black "Abramov, Artem"]
[Result "0-1"]
[WhiteElo "1593"]
[WhiteFideId "533023280"]
[BlackElo "1948"]
[BlackFideId "4192451"]
[Variant "Standard"]
[StudyName "ROpen 2025 - Rd2 - Boards 109-172"]
1. d4 d5 2. Nf3 Nf6 3. c4 c6 4. Nc3 e6 5. Bg5 Nbd7 6. e3 Qa5 7. Qc2 Ne4 8. Bd3 Nxg5 9. Nxg5 dxc4 10. Bxc4 Qxg5 11. f4 Qa5 12. O-O Nf6 13. e4 Bb4 14. e5 Bxc3 15. bxc3 Nd5 16. Rf3 Bd7 17. Rb1 b5 18. Bd3 Qxc3 19. Qf2 Qa5 20. f5 exf5 21. Bxf5 Bxf5 22. Rxf5 O-O 23. Rf1 f6 24. Qg3 Qc3 25. R5f3 Qxd4+ 0-1

[Event "Reykjavik Open 2025"]
[Site "Reykjavik"]
[Date "2025.04.10"]
[Round "2.160"]
[White "Wedin, Svante"]
[Black "Gudbrandsson, Thor Jokull"]
[Result "1-0"]
[WhiteElo "1902"]
[WhiteFideId "1711989"]
[BlackElo "1622"]
[BlackFideId "2332140"]
[Variant "Standard"]
[StudyName "ROpen 2025 - Rd2 - Boards 109-172"]
1. e4 c6 2. d4 d5 3. f3 dxe4 4. fxe4 e5 5. Nf3 Bg4 6. Bc4 Qe7 7. O-O Bxf3 8. Qxf3 Nf6 9. c3 Nbd7 10. Bg5 h6 11. Bh4 a5 12. a4 Qd6 13. Bg3 Be7 14. Na3 O-O 15. Bd3 Qe6 16. Bc4 Qd6 17. Qf5 Kh8 18. dxe5 Qc5+ 19. Kh1 g6 20. Qf4 g5 21. Qf5 Nh5 22. Bf2 Qxe5 23. Bd4 Ng3+ 24. hxg3 Qxd4 25. cxd4 1-0

[Event "Reykjavik Open 2025"]
[Site "Reykjavik"]
[Date "2025.04.10"]
[Round "2.161"]
[White "Tinkler, Paul"]
[Black "Akason, Aevar"]
[Result "1-0"]
[WhiteElo "1894"]
[WhiteFideId "30961289"]
[BlackElo "1612"]
[BlackFideId "2307090"]
[Variant "Standard"]
[StudyName "ROpen 2025 - Rd2 - Boards 109-172"]
1. e4 c5 2. Nc3 Nc6 3. Nge2 e6 4. g3 d6 5. Bg2 a6 6. d4 cxd4 7. Nxd4 Qc7 8. O-O Be7 9. Re1 Nxd4 10. Qxd4 Bf6 11. Qb4 Bxc3 12. bxc3 Ne7 13. Ba3 d5 14. exd5 Nxd5 15. Bxd5 a5 16. Qc4 Qxc4 17. Bxc4 Bd7 18. Bd5 Rc8 19. c4 Kd8 20. Bxb7 Rxc4 21. Be4 Kc7 22. Bd3 Ra4 23. Bb2 f6 24. Re4 Rxe4 25. Bxe4 e5 26. Bc3 Rb8 27. Bxa5+ Kc8 28. Bc3 g6 29. a4 f5 30. Bd5 e4 31. Be5 Rb4 32. a5 Rb5 33. c4 Rxd5 34. cxd5 Bb5 35. Rb1 Ba6 36. Rb8+ Kd7 37. Rb6 Bc4 38. a6 1-0

[Event "Reykjavik Open 2025"]
[Site "Reykjavik"]
[Date "2025.04.10"]
[Round "2.162"]
[White "Eustratiadis, Panagiotis"]
[Black "Arnshav, Ivar"]
[Result "1-0"]
[WhiteElo "1579"]
[WhiteFideId "40100448"]
[BlackElo "1893"]
[BlackFideId "1777661"]
[Variant "Standard"]
[StudyName "ROpen 2025 - Rd2 - Boards 109-172"]
1. e4 c6 2. d4 d5 3. exd5 cxd5 4. Nf3 g6 5. Bd3 Bg7 6. c3 Bg4 7. Bf4 Nf6 8. Nbd2 Nc6 9. Qb3 Nh5 10. Be3 Bd7 11. Qxd5 f5 12. Bg5 e6 13. Qb3 Qc7 14. O-O h6 15. Bh4 Nf4 16. Bg3 O-O-O 17. Bb5 g5 18. Rfe1 Nh3+ 19. gxh3 f4 20. Nc4 fxg3 21. hxg3 Rhf8 22. Nfe5 a6 23. Bxc6 Bxc6 24. Nxc6 Qxc6 25. Na5 Qf3 26. Qxe6+ Kb8 27. Qe3 Qd5 28. Nb3 Rf3 29. Qe4 Qf7 30. Re2 Rf8 31. Qe7 Rxf2 32. Qxf7 R2xf7 33. Rae1 Kc8 34. Re8+ Rxe8 35. Rxe8+ Kd7 36. Re2 b6 37. Nd2 Rf5 38. Rf2 1-0

[Event "Reykjavik Open 2025"]
[Site "Reykjavik"]
[Date "2025.04.10"]
[Round "2.163"]
[White "Borne, Maxim"]
[Black "Frey, Charles F"]
[Result "1-0"]
[WhiteElo "1569"]
[WhiteFideId "652011933"]
[BlackElo "1871"]
[BlackFideId "2027755"]
[Variant "Standard"]
[StudyName "ROpen 2025 - Rd2 - Boards 109-172"]
1. d4 Nf6 2. c4 e6 3. Nf3 b6 4. g3 Bb7 5. Bg2 Be7 6. O-O O-O 7. Qc2 c5 8. e3 Nc6 9. Rd1 Nb4 10. Qe2 cxd4 11. exd4 d5 12. a3 Nc6 13. Ne5 Rc8 14. Nc3 dxc4 15. Be3 Nd5 16. Bh3 a6 17. Nxf7 Kxf7 18. Qh5+ Kg8 19. Bxe6+ Kh8 20. Nxd5 g6 21. Qh3 Ra8 22. Bh6 Rf3 23. Nf4 Qe8 24. Bxc4 Bf6 25. Re1 Ne7 26. Bd3 Bxd4 27. Nxg6+ Qxg6 28. Bxg6 Bxf2+ 29. Kf1 Nxg6 30. Qd7 Bc5+ 31. Ke2 Rf2+ 32. Kd3 Rf3+ 33. Kc2 Rf2+ 34. Kb1 Rg8 35. Qxb7 Bd4 36. Bc1 Rxh2 37. Qxa6 Rf8 38. Qd3 Bg7 39. Re2 Rh3 40. Qd6 Rf3 41. Qxb6 Rhxg3 42. Rf2 Be5 43. Rxf3 Rxf3 44. Ka2 Rh3 45. Qd8+ 1-0

[Event "Reykjavik Open 2025"]
[Site "Reykjavik"]
[Date "2025.04.10"]
[Round "2.164"]
[White "Duault, Alexis"]
[Black "Pacin, Ondrej"]
[Result "1-0"]
[WhiteElo "1833"]
[WhiteFideId "36026913"]
[BlackElo "1598"]
[BlackFideId "2660083"]
[Variant "Standard"]
[StudyName "ROpen 2025 - Rd2 - Boards 109-172"]
1. d4 d5 2. c4 c6 3. Nc3 Nf6 4. Nf3 e6 5. Bg5 Be7 6. e3 Nbd7 7. Bd3 h6 8. Bf4 dxc4 9. Bxc4 b5 10. Bd3 Bb7 11. O-O a6 12. Rc1 c5 13. dxc5 Bxc5 14. Qe2 O-O 15. Rfd1 Qe7 16. a3 Rfd8 17. b4 Bb6 18. Bd6 Qe8 19. e4 Rac8 20. e5 Nh7 21. a4 bxa4 22. Nxa4 Ra8 23. Nxb6 Nxb6 24. Rc7 Bxf3 25. Bxh7+ Kxh7 26. Qxf3 Rd7 27. Rc6 Nd5 28. Ra1 Rda7 29. Qd3+ Kg8 30. Rcxa6 Rxa6 31. Rxa6 Rd8 32. Qf3 Rd7 33. h3 Rb7 34. Qe4 Rd7 35. Qc4 Kh7 36. Qc6 Nxb4 37. Qe4+ Kg8 38. Ra8 Rd8 39. Rxd8 Qxd8 40. Qxb4 Qd7 41. Qb8+ Kh7 42. Qc7 Qe8 43. Qe7 Qg8 44. Qf8 1-0

[Event "Reykjavik Open 2025"]
[Site "Reykjavik"]
[Date "2025.04.10"]
[Round "2.165"]
[White "Jonsdottir, Katrin Maria"]
[Black "Grenier, Jean-Luc"]
[Result "1-0"]
[WhiteElo "1565"]
[WhiteFideId "2316706"]
[BlackElo "1798"]
[BlackFideId "2634864"]
[Variant "Standard"]
[StudyName "ROpen 2025 - Rd2 - Boards 109-172"]
1. e4 c5 2. Nf3 d6 3. d4 cxd4 4. Nxd4 Nf6 5. Bd3 Nc6 6. Nxc6 bxc6 7. c4 Qb6 8. Nc3 e5 9. h3 Be7 10. b3 O-O 11. O-O Be6 12. Be3 Qb7 13. Bc2 Rfd8 14. Qd2 Rac8 15. Rad1 d5 16. cxd5 Bb4 17. a3 Bxc3 18. Qxc3 cxd5 19. Qb2 d4 20. Bg5 Rc3 21. b4 Rdc8 22. Bb1 Nxe4 23. Bd2 Rb3 24. Qa1 Nxd2 25. Rxd2 Rcc3 26. Ra2 Qc6 27. Re1 Rc1 28. Bxh7+ Kxh7 29. Rxc1 Qa4 30. Re1 Rc3 31. Rae2 f6 32. f4 d3 33. Qxc3 dxe2 34. Rxe2 Qb5 35. Qc2+ Kh8 36. fxe5 Bc4 37. Re4 1-0

[Event "Reykjavik Open 2025"]
[Site "Reykjavik"]
[Date "2025.04.10"]
[Round "2.166"]
[White "Hald, Morten Hansen"]
[Black "Hildebrandt, Paul"]
[Result "1-0"]
[WhiteElo "1797"]
[WhiteFideId "1437615"]
[BlackElo "1587"]
[BlackFideId "34643702"]
[Variant "Standard"]
[StudyName "ROpen 2025 - Rd2 - Boards 109-172"]
1. d4 f5 2. Bg5 Nf6 3. Bxf6 exf6 4. e3 d5 5. c4 Bb4+ 6. Nc3 O-O 7. Qb3 Bxc3+ 8. bxc3 c6 9. Bd3 b6 10. cxd5 cxd5 11. Ne2 g6 12. Nf4 Bb7 13. Ne6 Qe7 14. Nxf8 Kxf8 15. O-O Nd7 16. Bb5 Rc8 17. Qa4 Rc7 18. Qxa7 Qd6 19. Bxd7 Rxd7 20. Qa4 Bc6 21. Qb4 Ke7 22. Qxb6 Rb7 23. Qa6 Qd7 24. Rfb1 Ra7 25. Qb6 Rb7 26. Qc5+ Ke6 27. Rb6 Rc7 28. a4 Kf7 29. a5 Ba8 30. Qd6 Qxd6 31. Rxd6 Ke7 32. Rb6 Rxc3 33. Rb8 Bc6 34. a6 Kd7 35. a7 Kc7 36. a8=Q Bxa8 37. Rbxa8 1-0

[Event "Reykjavik Open 2025"]
[Site "Reykjavik"]
[Date "2025.04.10"]
[Round "2.167"]
[White "Agustsson, Hafsteinn"]
[Black "Egilsson, Kristofer Arni"]
[Result "1-0"]
[WhiteElo "1784"]
[WhiteFideId "2302047"]
[BlackElo "1569"]
[BlackFideId "2330148"]
[Variant "Standard"]
[StudyName "ROpen 2025 - Rd2 - Boards 109-172"]
1. e4 d6 2. d4 Nf6 3. Nc3 g6 4. f4 Bg7 5. Nf3 O-O 6. Bd3 b6 7. O-O c5 8. e5 dxe5 9. dxe5 Nd5 10. Be4 Nxc3 11. bxc3 Nc6 12. Bxc6 Rb8 13. Be3 Ba6 14. Qxd8 Rfxd8 15. Rfd1 Rbc8 16. Be4 Bc4 17. Bd3 Bxd3 18. cxd3 c4 19. dxc4 Rxd1+ 20. Rxd1 Rxc4 21. Rd8+ Bf8 22. f5 Kg7 23. f6+ exf6 24. exf6+ Kxf6 25. Rxf8 Rxc3 26. Bd4+ Ke7 27. Rxf7+ Kxf7 28. Bxc3 Ke6 29. Ng5+ Kd5 30. Nxh7 Kc4 31. Bf6 Kb4 32. Be7+ Kc3 33. Nf8 a5 34. Nxg6 b5 35. a3 Kc4 36. h4 Kd5 37. h5 Ke6 38. h6 Kf7 39. h7 Kxg6 40. h8=Q Kf7 41. Qf6+ Ke8 42. Qe6 b4 43. Bf6+ Kf8 44. Qe7+ Kg8 45. Qg7# 1-0

[Event "Reykjavik Open 2025"]
[Site "Reykjavik"]
[Date "2025.04.10"]
[Round "2.168"]
[White "Billman, Brian"]
[Black "Wahono, Richard"]
[Result "0-1"]
[WhiteElo "1561"]
[WhiteFideId "2330920"]
[BlackElo "1775"]
[BlackFideId "34647236"]
[Variant "Standard"]
[StudyName "ROpen 2025 - Rd2 - Boards 109-172"]
1. d4 Nf6 2. c4 e6 3. Nc3 Bb4 4. g3 d5 5. Bg2 dxc4 6. a3 Be7 7. Nf3 Nc6 8. O-O O-O 9. Bf4 Nd5 10. Nxd5 exd5 11. Re1 Bf5 12. Ne5 Bf6 13. Nxc6 bxc6 14. Rc1 Re8 15. b3 cxb3 16. Qxb3 Re6 17. Be3 Qb8 18. Qa4 Qb6 19. Bh3 Bxh3 20. Rb1 Be7 21. Rxb6 cxb6 22. Rb1 c5 23. dxc5 bxc5 24. Rb2 a6 25. Qa5 d4 26. Bf4 d3 27. exd3 Bf6 28. Rb8+ Rxb8 29. Bxb8 h5 30. f4 Bd4+ 31. Kh1 Re2 32. Qd8+ Kh7 33. Qxd4 cxd4 34. Kg1 Rg2+ 35. Kh1 Rd2 36. Kg1 Rxd3 37. Kf2 Rxa3 38. Ba7 Ra2+ 39. Ke1 d3 40. Be3 Re2+ 0-1

[Event "Reykjavik Open 2025"]
[Site "Reykjavik"]
[Date "2025.04.10"]
[Round "2.169"]
[White "Schouten, Ken Ronny"]
[Black "De Winter, Eric"]
[Result "0-1"]
[WhiteElo "1550"]
[WhiteFideId "1533010"]
[BlackElo "1771"]
[BlackFideId "1033069"]
[Variant "Standard"]
[StudyName "ROpen 2025 - Rd2 - Boards 109-172"]
1. d4 f5 2. Nc3 Nf6 3. Bf4 e6 4. e3 Bb4 5. a3 Bxc3+ 6. bxc3 Nd5 7. Be5 Nf6 8. Nf3 d6 9. Bg3 Nbd7 10. Bd3 Nf8 11. O-O Ng6 12. Re1 O-O 13. h3 Qd7 14. Qd2 b6 15. c4 Bb7 16. Qe2 Rae8 17. Nd2 e5 18. dxe5 dxe5 19. e4 f4 20. Bh2 c5 21. a4 Nh4 22. a5 f3 23. Nxf3 Nxf3+ 24. Qxf3 Nxe4 25. Qe3 Nxf2 26. Bxe5 Nxd3 27. cxd3 Qc6 28. Qg3 Rf7 29. axb6 axb6 30. Rad1 Rfe7 31. Re3 Rxe5 0-1

[Event "Reykjavik Open 2025"]
[Site "Reykjavik"]
[Date "2025.04.10"]
[Round "2.170"]
[White "Standal, Egil Arne"]
[Black "Steingrimsson, Bjorgvin"]
[Result "1-0"]
[WhiteElo "1766"]
[WhiteFideId "1506978"]
[BlackElo "1564"]
[BlackFideId "2316617"]
[Variant "Standard"]
[StudyName "ROpen 2025 - Rd2 - Boards 109-172"]
1. e4 e5 2. Nf3 Nc6 3. Bb5 a6 4. Ba4 Nf6 5. O-O b5 6. Bb3 Bc5 7. c3 h6 8. d4 exd4 9. e5 Ng8 10. cxd4 Bb6 11. d5 Na5 12. Nc3 Nxb3 13. Qxb3 Bb7 14. Be3 c6 15. Ne4 Bc7 16. Nc5 Bc8 17. Rad1 d6 18. dxc6 Ne7 19. exd6 Bxd6 20. Bf4 O-O 21. Bxd6 Re8 22. Ne5 Rf8 23. Ned7 Bxd7 24. Nxd7 Re8 25. Ne5 Rf8 26. Bxe7 Qxe7 27. Ng6 Qf6 28. Nxf8 Rxf8 29. c7 Qe7 30. Qc3 Rc8 31. Rc1 b4 32. Qc6 a5 33. Rfe1 Qg5 34. Re8+ Rxe8 35. Qxe8+ Kh7 36. c8=Q 1-0

[Event "Reykjavik Open 2025"]
[Site "Reykjavik"]
[Date "2025.04.10"]
[Round "2.171"]
[White "Olszewski, Milosz Ulfur"]
[Black "Deelwater, Michael"]
[Result "0-1"]
[WhiteElo "1497"]
[WhiteFideId "2330199"]
[BlackElo "1766"]
[BlackFideId "1352199"]
[Variant "Standard"]
[StudyName "ROpen 2025 - Rd2 - Boards 109-172"]
1. d4 Nf6 2. c4 g6 3. Nc3 d5 4. cxd5 Nxd5 5. e4 Nxc3 6. bxc3 Bg7 7. Nf3 c5 8. Be2 Nc6 9. e5 O-O 10. h3 Qb6 11. Bf4 cxd4 12. cxd4 Rd8 13. Rb1 Qa5+ 14. Kf1 Qxa2 15. Rc1 Be6 16. Bb5 Qd5 17. Bxc6 bxc6 18. g4 c5 19. Rxc5 Qxc5 20. dxc5 Rxd1+ 21. Ne1 Bc4+ 22. Kg2 f6 23. exf6 Bxf6 24. f3 Bh4 25. Nc2 Rxh1 26. Kxh1 Bf2 27. c6 Rc8 28. Kg2 Bc5 29. c7 Bd6 0-1

[Event "Reykjavik Open 2025"]
[Site "Reykjavik"]
[Date "2025.04.10"]
[Round "2.172"]
[White "Tomasdottir, Katrin Osk"]
[Black "Pearce, Tim"]
[Result "1-0"]
[WhiteElo "1485"]
[WhiteFideId "2331560"]
[BlackElo "1762"]
[BlackFideId "3217833"]
[Variant "Standard"]
[StudyName "ROpen 2025 - Rd2 - Boards 109-172"]
1. d4 d5 2. c4 c6 3. Nc3 Nf6 4. Nf3 e6 5. Bg5 Nbd7 6. e3 Qa5 7. a3 dxc4 8. Bxc4 Ne4 9. Bf4 Nxc3 10. bxc3 Qxc3+ 11. Nd2 Bxa3 12. O-O Be7 13. Qe2 Ba3 14. Rfd1 b5 15. Bb3 Qa5 16. Bd6 b4 17. Qf3 Bb7 18. Qg4 O-O-O 19. Nc4 Qf5 20. Qxf5 exf5 21. Nxa3 bxa3 22. Rxa3 a6 23. Bxf7 Nf8 24. Be5 h5 25. Rc1 Rd7 26. Bc4 Rh6 27. Bxa6 Bxa6 28. Rxa6 Kb7 29. Ra2 c5 30. dxc5 Re6 31. Bd4 Kc6 32. Rb1 Ng6 33. Ra5 Rd5 34. Rb6+ Kd7 35. Ra7+ 1-0

[Event "Reykjavik Open 2025"]
[Site "Reykjavik"]
[Date "2025.04.10"]
[Round "2.173"]
[White "Opasiak, Dustin Tennessee"]
[Black "Kaalinnguaq Thorleifsen, Thomas"]
[Result "1/2-1/2"]
[WhiteElo "1761"]
[WhiteFideId "24630217"]
[BlackElo "1552"]
[BlackFideId "2330938"]
[Variant "Standard"]
[StudyName "ROpen 2025 - Rd2 - Boards 109-172"]
1. e4 e5 2. Nf3 Nc6 3. Bb5 a6 4. Bxc6 dxc6 5. Nc3 Qd6 6. d4 exd4 7. Qxd4 Bg4 8. Qxd6 cxd6 9. Be3 f6 10. Bb6 Rc8 11. O-O-O Nh6 12. h3 Bh5 13. g4 Bg6 14. Nh4 Be7 15. Nxg6 hxg6 16. Ne2 g5 17. f3 Nf7 18. Nd4 Ne5 19. Nf5 Kf7 20. Nxd6+ Bxd6 21. Rxd6 Rce8 22. Bc5 Re6 23. f4 gxf4 24. Rdd1 Ke8 25. g5 fxg5 26. Bb6 Ke7 27. b3 Reh6 28. Bd4 Ke6 29. Rhg1 Nf3 30. Rg2 Nxd4 31. Rxd4 Ke5 32. Rd7 Kxe4 33. Rxg5 Rb8 34. Re7+ Kf3 35. Rexg7 Rxh3 36. Rf7 Rh4 37. Rgf5 Ke4 38. R5f6 1/2-1/2

[Event "Reykjavik Open 2025"]
[Site "Reykjavik"]
[Date "2025.04.10"]
[Round "2.174"]
[White "Fisker, Bo Top"]
[Black "Hofland, Jeffrey"]
[Result "0-1"]
[WhiteElo "1451"]
[WhiteFideId "2330911"]
[BlackElo "1761"]
[BlackFideId "1085328"]
[Variant "Standard"]
[StudyName "ROpen 2025 - Rd2 - Boards 173-END"]
1. e4 c5 2. b3 Nc6 3. Bb2 e5 4. Nf3 Nf6 5. d3 Be7 6. Nxe5 d5 7. exd5 Qxd5 8. Nxc6 Qxc6 9. Nd2 O-O 10. Qf3 Qc7 11. Ne4 Re8 12. O-O-O Nxe4 13. dxe4 Bg5+ 14. Kb1 Qc6 15. Bc4 Be6 16. Bd5 Qc7 17. h4 Bf4 18. h5 Be5 19. g4 f6 20. Bxe6+ Rxe6 21. Qf5 Rae8 22. Rhe1 c4 23. g5 fxg5 24. Qxg5 Bxb2 25. Kxb2 Re5 26. Qg3 Qf7 27. f4 Rxh5 28. e5 Rh6 29. Rd6 Rxd6 30. exd6 Qf6+ 31. c3 Rxe1 32. Qxe1 Qxd6 33. Qe8+ Qf8 34. Qe6+ Kh8 35. Qxc4 h5 36. Qe2 Qf5 37. Qh2 Qg4 38. Kc2 h4 39. Qd2 Kh7 40. Qd3+ Qg6 41. f5 Qg2+ 42. Kd1 Qg4+ 43. Ke1 Kh6 44. Qe3+ Qg5 45. Qe6+ Kh5 46. Qe2+ Qg4 47. Qe5 Qg3+ 48. Qxg3 hxg3 49. Kf1 Kg4 50. Kg2 b5 51. c4 bxc4 52. bxc4 Kxf5 53. Kxg3 Ke5 54. Kg4 Kd4 55. Kg5 Kxc4 56. Kg6 Kb4 57. Kxg7 Ka3 58. Kf6 Kxa2 59. Ke5 Kb3 60. Kd4 a5 61. Kd3 a4 62. Kd2 Kb2 63. Ke3 a3 64. Ke4 a2 65. Ke5 a1=Q 66. Kd5 Qe1 67. Kd4 Kc2 68. Kd5 Qh4 69. Ke5 Kd3 70. Kf5 Qe4+ 71. Kf6 Qd5 72. Kg6 Ke4 73. Kf6 Qe5+ 74. Kg6 Kf4 75. Kf7 Qd6 76. Kg7 Kg5 77. Kf7 Qd7+ 78. Kg8 Kg6 79. Kf8 Qf7# 0-1

[Event "Reykjavik Open 2025"]
[Site "Reykjavik"]
[Date "2025.04.10"]
[Round "2.175"]
[White "Arnarson, Erlingur"]
[Black "Moseley, Alan"]
[Result "0-1"]
[WhiteElo "1438"]
[WhiteFideId "2329867"]
[BlackElo "1760"]
[BlackFideId "30963311"]
[Variant "Standard"]
[StudyName "ROpen 2025 - Rd2 - Boards 173-END"]
1. e4 e6 2. e5 d5 3. d4 c5 4. c3 Ne7 5. Nf3 Nec6 6. Bg5 Qd7 7. Bb5 b6 8. O-O Ba6 9. a4 Bxb5 10. axb5 Nd8 11. Qa4 Nb7 12. Nbd2 h6 13. Be3 Be7 14. Rfc1 O-O 15. dxc5 Bxc5 16. Bxh6 gxh6 17. Qg4+ Kh7 18. Qh5 Rg8 19. Ra4 Bf8 20. h4 Rg6 21. Ng5+ Kg7 22. Ndf3 Qe7 23. Rf4 Nd8 24. Nh3 Nd7 25. g4 f6 26. Kh2 fxe5 27. Nxe5 Nxe5 28. Qxe5+ Kh7 29. h5 Rg8 30. Rf1 Bg7 31. Qe3 Nf7 32. Qd3+ Kh8 33. Ra4 Ne5 34. Qg3 Nf7 35. f4 Bf6 36. Rf2 e5 37. Kh1 Bh4 38. Qf3 Bxf2 39. Qxf2 Raf8 40. Qd2 Qh4 41. Qh2 0-1

[Event "Reykjavik Open 2025"]
[Site "Reykjavik"]
[Date "2025.04.10"]
[Round "2.176"]
[White "Karlinder, Lovis Neo"]
[Black "Patel, Parisa"]
[Result "1-0"]
[WhiteElo "1755"]
[WhiteFideId "34664785"]
[BlackElo "1498"]
[BlackFideId "343410065"]
[Variant "Standard"]
[StudyName "ROpen 2025 - Rd2 - Boards 173-END"]
1. e4 c5 2. Nf3 g6 3. c3 Bg7 4. d4 cxd4 5. cxd4 d6 6. h3 Nf6 7. Nc3 O-O 8. Be3 Bd7 9. Bd3 Nc6 10. Rc1 Rc8 11. O-O a6 12. Qd2 Rb8 13. d5 Nb4 14. Bb1 a5 15. Nd4 b6 16. Ncb5 Bxb5 17. Nxb5 Qd7 18. Nd4 e6 19. Nc6 Nxc6 20. Rxc6 b5 21. Bf4 e5 22. Be3 b4 23. Rfc1 Rfc8 24. Bb6 h5 25. Bxa5 Kh7 26. R1c4 Rxc6 27. dxc6 Qe6 28. c7 Ra8 29. Qxb4 d5 30. exd5 Nxd5 31. Qb8 Nxc7 32. Qxc7 Rxa5 33. Qxa5 Qxc4 34. Qd2 Bh6 35. Qc2 Qb4 36. Qe2 Qc5 37. Qd1 Qb4 38. b3 Qc5 39. Qc2 Qa5 40. Qe2 Qc5 41. Kh2 f5 42. Bd3 Qd6 43. Bc4 g5 44. Qxh5 e4+ 45. g3 Qg6 46. Qd1 f4 47. a4 Qc6 48. Qc2 Kg7 49. a5 Qc5 50. a6 e3 51. Qc3+ Kf8 52. fxe3 fxe3 53. Qf6+ Ke8 54. Qxh6 Qe7 55. Qh8+ Kd7 56. Qd4+ Ke8 57. Be2 Qe6 58. a7 Qc6 59. Qh8+ Ke7 60. a8=Q Qxa8 61. Qxa8 Kd6 62. Qe4 Kc5 63. Qc4+ Kd6 64. b4 Kd7 65. Qc5 g4 66. Bxg4+ Kd8 67. Qc6 e2 68. Qd7# 1-0

[Event "Reykjavik Open 2025"]
[Site "Reykjavik"]
[Date "2025.04.10"]
[Round "2.177"]
[White "Erlendsson Weinert, Robin Peter"]
[Black "Urbaniak, Andreas"]
[Result "1-0"]
[WhiteElo "1405"]
[WhiteFideId "2330954"]
[BlackElo "1754"]
[BlackFideId "24685020"]
[Variant "Standard"]
[StudyName "ROpen 2025 - Rd2 - Boards 173-END"]
1. e4 c5 2. Nf3 Nc6 3. d4 cxd4 4. Nxd4 a6 5. Nc3 e5 6. Nf5 g6 7. Nd6+ Bxd6 8. Qxd6 Qe7 9. Qd3 Nb4 10. Qd1 d6 11. a3 Nc6 12. Nd5 Qd8 13. Bc4 Be6 14. O-O Bxd5 15. Bxd5 Nge7 16. f4 Qb6+ 17. Kh1 f5 18. fxe5 dxe5 19. b4 O-O-O 20. Bg5 Kb8 21. c4 Rd7 22. Bxe7 Nxe7 23. Qe2 Nxd5 24. exd5 e4 25. g4 Qf6 26. Qxe4 Re7 27. Qf4+ Re5 28. Rae1 Re8 29. gxf5 gxf5 30. Rxe5 Rxe5 31. Re1 1-0